000 00831cab a2200289 4500
001 ABS54289
008 090401t1996 xxu||||| |||| 00| 0 eng d
035 _a(Sirsi) u9578
041 _aeng
245 _aFocus `96: Midtown markets
260 _c1996
350 _a0
490 _aEstates Gazette
_v(9604) 27 January 1996, 97-118(12)
650 _aCOVENT GARDEN
650 _aGRAYS INN
650 _aHOLBORN
650 _aLEGAL SECTOR
650 _aLONDON
650 _aMEDIA SECTOR
650 _aMIDTOWN
650 _aPROPERTY-COMMERCIAL PROPERTY-OFFICE PROPERTY-OFFICE PROPERTY MARKET
650 _aPUBLISHING SECTOR
650 _aPROPERTY-COMMERCIAL PROPERTY-RETAIL PROPERTY-RETAIL PROPERTY MARKET
690 _aPROPERTY-COMMERCIAL PROPERTY-COMMERCIAL PROPERTY MARKET
942 _n0
948 _c04/03/1997
999 _c6001
_d6001